• 首页
  • 本馆介绍
  • 公告通知
  • 最新文献
  • 馆藏检索
  • 电子资源
  • 读者导购
  • 参考咨询
  • 我的图书馆
  • 登录
  • 详细信息显示
  • 放入我的书架
  • 预约/预借图书
  • 作者相关作品
  • 分类相关作品
  • 丛书相关作品
  • 出版社相关作品

书目信息

  • 表格格式
  • 工作单格式
  • 卡片格式
题名:
民间融资法律规制问题研究
    
 
作者: 甘培忠 , 吴韬 主编
分册:  
出版信息: 北京   北京大学出版社  2016
页数: 286页
开本: 23cm
丛书名:
单 册:
中图分类: D922.280.4
科图分类:
主题词: 民间--min jian--融资--金融法--研究--中国
电子资源:
ISBN: 978-7-301-27501-6
000 01307nam0 22002531 450
001 1738585010
005 20170627164603.0
010    @a978-7-301-27501-6@dCNY45.00
100    @a20161103d2016 em y0chiy50 ea
101 0  @achi
102    @aCN@b110000
105    @ay z 000yy
106    @ar
200 1  @a民间融资法律规制问题研究@9min jian rong zi fa lv gui zhi wen ti yan jiu@dResearch on the regulation of informal financing@f甘培忠,吴韬主编@g甘培忠[等]撰稿@zeng
210    @a北京@c北京大学出版社@d2016
215    @a286页@d23cm
330    @a本书共十一章。第一、二两章对民间借贷问题概念、定义、分类进行了概述,对民间融资借贷问题宏观上的经济、社会原因进行分析,并根据金融监管理论为这一问题的规制提供了思路和方向;第三、四章综述国内、国外的借贷融资问题的发展与现实,为后续的微观分析提供了分析路径与分析背景;第五至第十章以融资方式和主体的类型为基本分类,对我国现实中的民间融资借贷问题及其规制思路进行了分析;第十一章对我国规制民间借贷融资问题提出了若干立法、修法建议。
510 1  @aResearch on the regulation of informal financing@zeng
606 0  @a民间@9min jian@x融资@x金融法@x研究@y中国
690    @aD922.280.4@v5
701  0 @a甘培忠@9gan pei zhong@f(1956~)@4主编@4撰稿
701  0 @a吴韬@9wu tao@f(1971~)@4主编
801  0 @aCN@bTANGWEI@c20170621
905    @b1015333-8@dD922.280.4@e1568@f6
    
    民间融资法律规制问题研究=Research on the regulation of informal financing/甘培忠,吴韬主编/甘培忠[等]撰稿.-北京:北京大学出版社,2016
    286页;23cm
    
    
    ISBN 978-7-301-27501-6:CNY45.00
    本书共十一章。第一、二两章对民间借贷问题概念、定义、分类进行了概述,对民间融资借贷问题宏观上的经济、社会原因进行分析,并根据金融监管理论为这一问题的规制提供了思路和方向;第三、四章综述国内、国外的借贷融资问题的发展与现实,为后续的微观分析提供了分析路径与分析背景;第五至第十章以融资方式和主体的类型为基本分类,对我国现实中的民间融资借贷问题及其规制思路进行了分析;第十一章对我国规制民间借贷融资问题提出了若干立法、修法建议。
●
相关链接 在E读中查询图书 在五车中查询图书 在当当中查询图书 在豆瓣中查询图书


正题名:民间融资法律规制问题研究     索取号:D922.280.4/1568         预约/预借

序号 登录号 条形码 馆藏地/架位号 状态 备注
1 1015333   210153331   第一样本阅览室/ [索取号:D922.280.4/1568] 在馆    
2 1015334   210153340   教育系资料室/ [索取号:D922.280.4/1568] 在馆    
3 1015335   210153359   教育系资料室/ [索取号:D922.280.4/1568] 在馆    
4 1015336   210153368   教育系资料室/ [索取号:D922.280.4/1568] 在馆    
5 1015337   210153377   第一借阅区/ [索取号:D922.280.4/1568] 在馆    
6 1015338   210153386   第一借阅区/ [索取号:D922.280.4/1568] 在馆    
唐山师范学院图书馆 欢迎您!
大连网信软件有限公司© 版权所有